| 000 | 00754cab a2200241 4500 | ||
|---|---|---|---|
| 001 | WB3134-26 | ||
| 008 | 090401t1995 xxu||||| |||| 00| 0 eng d | ||
| 035 | _a(Sirsi) u65562 | ||
| 041 | _aeng | ||
| 245 | _aEstate agents refuse to go down memory lane | ||
| 260 | _c1995 | ||
| 350 | _a0 | ||
| 490 |
_aObserver _v10 September 1995, 12(1) |
||
| 520 | _aGeneral Accident is criticised by the NAEA and the RICS for asking estate agents to disclose the price previously paid for a property. | ||
| 650 | _aGENERAL ACCIDENT | ||
| 650 | _aHOUSE PRICES | ||
| 650 | _aHOUSING MARKET | ||
| 650 | _aPRICE PAID | ||
| 650 | _aVALUATION ISSUES | ||
| 690 | _aPROPERTY-RESIDENTIAL PROPERTY-RESIDENTIAL PROPERTY MARKET | ||
| 942 | _n0 | ||
| 948 | _c04/03/1997 | ||
| 999 |
_c40887 _d40887 |
||